000 00684nam a2200217Ia 4500
003 GCL
008 140319s9999 xx 000 0 ara d
020 _a5129283977
040 _aGCL /
_cGCL
082 0 4 _aق
_b398.2
_bس ا
100 1 _aسليمان الكريتلى
245 1 0 _aاساطير بيت الكريتلية /
_cسليمان الكريتلى
700 1 _aجاير اندرسون
260 _aالقاهرة :
_bدار شرقيات للنشر
300 _a111 ص ؛
_c24 سم
650 0 4 _aالادب الشعبى
650 0 4 _aالاساطير القديمة
650 0 4 _aالاساطير
650 0 4 _aالاساطير التاريخية
942 _2ddc
_cBK
999 _c6365
_d6365